000 00836nam a2200169 a 4500
008 120416s1975 ||||||||||||||||| || u
050 _aNA 737 Wri
100 _aWright, Frank Lloyd, 1867-1959
245 1 0 _aIn the cause of architecture
246 _aessays
260 _aNew York
_bArchitectural Record
_c1975
300 _aviii, 246 pages : illustrations
350 _a0.00
995 _aBINDERY (DAMAGED)
_D0.00
_e721503
_FCBU-MAIN LIBRARY (Kitwe)
_H3
_I0.00
_jNA 737 Wri
_M2
_UDAMAGED
_y010296
_ZMain Library Open Access Collection
995 _aANNEX COLLECTION (Main Library)
_D0.00
_e715630
_FCBU-MAIN LIBRARY (Kitwe)
_H1
_I0.00
_jNA 737 Wri
_M3
_UAVAILABLE
_y010297
_ZAnnex Low-Usage Collection
995 _aBINDERY (DAMAGED)
_D0.00
_e721502
_FCBU-MAIN LIBRARY (Kitwe)
_H2
_I0.00
_jNA 737 Wri
_M1
_UDAMAGED
_y010295
_ZMain Library Open Access Collection
999 _c76453
_d76453